000
00361nam a2200169Ia 4500
003
0100
008
130303s9999 xx 000 0 und d
040
_c
ARRUPELIB
050
_a
BT83.6.M44
100
_a
Mellert, Robert B
245
_a
What is process theology?
260
_a
NY
260
_b
Paulist Pr.
260
_C
1975
300
_a
141p
942
0
0
_0
9
999
_c
29954
_d
29954